| 000 | 00820cam a22002537a 4500 | ||
|---|---|---|---|
| 020 | _a9781853395383 (pbk.) | ||
| 020 | _a1853395382 (pbk.) | ||
| 020 | _a9789251054307 (FAO : pbk.) | ||
| 020 | _a9251054304 (FAO : pbk.) | ||
| 040 | _cUKM | ||
| 082 | 0 | 4 | _a621 PRA 2006 A051 Or. |
| 100 | _aFraenkel, Peter | ||
| 245 | 1 | 0 |
_aWater lifting devices : _ba handbook for users and choosers / |
| 250 | _a3rd ed. | ||
| 260 |
_aRugby : _bPractical Action Publishing, _c2006. |
||
| 300 |
_axi, 337 p. : _bill. ; _c25 cm. |
||
| 650 | 0 | _aIrrigation pumps. | |
| 700 | 1 | _aThake, Jeremy. | |
| 710 | 2 | _aFood and Agriculture Organization of the United Nations. | |
| 710 | 2 | _aPractical Action (Organization) | |
| 710 | 2 | _aIT Power (Organization) | |
| 856 | 4 | 1 | _uhttp://www.loc.gov/catdir/toc/fy0711/2007275463.html |
| 942 | _cEK | ||
| 999 |
_c14598 _d14598 |
||